000 00366nam a2200157Ia 4500
008 230711s9999||||xx |||||||||||||| ||und||
020 _a978-93-80005-71-3
041 _aENG
082 _a800
_bLA-L
100 _aLawrence,D.H
245 0 _aLady chatterley's lover
260 _c2010
_aNew Delhi
_bMaple Press
300 _a390
650 _aLiterature
942 _cBK
999 _c5323
_d5323